| 000 | 00927nam a22001817a 4500 | ||
|---|---|---|---|
| 003 | IT-RoPau | ||
| 005 | 20220918181220.0 | ||
| 008 | 140407b xxu||||| |||| 00| 0 eng d | ||
| 040 | _cIT-RoPau | ||
| 100 |
_aCalabresi, M. C. _919209 |
||
| 245 | _aSono felice. Sr. M. Teresa Congiu F.S.P. | ||
| 250 | _a1° ed | ||
| 260 |
_aAlba _bFSP _c1964 |
||
| 300 |
_a189. pp. _c19,5 cm |
||
| 490 | _aEdizioni Paoline - FSP | ||
| 520 | _aIndice Introduzione Capitolo I - Tenore di vita di una piccola sposa Capitolo II - Nuragus Capitolo III - Come una fuggitiva Capitolo IV - Una nuova vita Capitolo V - Suor Maria Teresa Capitolo VI - Propagandista Capitolo VII - Una sosta Capitolo VIII - L'anno d'oro Capitolo IX - Mistica Consumazione Capitolo X - Verso l'unione trasformante Capitolo XI - Ricordando S. Maria Teresa Parla il suo Direttore La fede Speranza Carità verso Dio Giustizia Fortezza Temperanza | ||
| 942 |
_2ddc _cBK |
||
| 999 |
_c104316 _d104316 |
||